000 00761nam0a22002531 4500
001 rc\64374
005 20250620165135.0
010 _a5-85585-778-6
_920000
035 _a(NLR Aleph) 005339059
090 _a6673662
_c6673662
100 _a20021216d1996 |||y0rusy50 ca
101 0 _arus
102 _aRU
105 _ay |||||||||
200 1 _aЕще один шанс
_eРоман
_fБарбара Брэдфорд
_g[Пер. с англ. Н.В. Изосимовой]
210 _aМ.
_cЭКСМО
_d1996
215 _a252, [1] с.
_d17
225 1 _aНаслаждение
700 1 _aБрэдфорд
_bБ.Т.
_gБарбара Тейлор
801 0 _aRU
_bNLR
_gpsbo
801 1 _aRU
_bELAR
_2rusmarc
852 _aNLR
_j97-2/555
942 _cBOOK
980 _aNB